|
|
|
|
| LEADER |
00976cam a2200289 7i4500 |
| 001 |
0000133167 |
| 005 |
20190725090000.0 |
| 008 |
190506c20192019nyuab x 0 eng |
| 020 |
# |
0 |
|a 9781260092578 Paperback
|
| 040 |
# |
# |
|a UMT
|
| 090 |
0 |
0 |
|a QE 26.3
|b .R4 2019
|
| 100 |
1 |
# |
|a Reynolds, Stephen J.
|e author
|
| 245 |
1 |
0 |
|a Exploring geology
|c Stephen J. Reynolds, Julia K. Johnson, Paul J. Morin, Charles M. Carter.
|
| 250 |
# |
# |
|a Fifth edition.
|
| 264 |
# |
4 |
|c ♭2019.
|
| 264 |
# |
1 |
|a New York, NY:
|b McGraw-Hill Education,
|c [2019].
|
| 300 |
# |
# |
|a volume (various pages):
|b colour illustrations, colour maps;
|c 28 cm.
|
| 336 |
# |
# |
|a text
|2 rdacontent
|
| 337 |
# |
# |
|a unmediated
|2 rdamedia
|
| 338 |
# |
# |
|a volume
|2 rdacarrier
|
| 500 |
# |
# |
|a Includes index
|
| 590 |
# |
# |
|a Pusat Pengajian Sains Marin dan Sekitaran
|
| 650 |
0 |
0 |
|a Geology
|
| 700 |
1 |
1 |
|a Johnson, Julia K.
|
| 700 |
1 |
1 |
|a Carter, Charles M.
|
| 700 |
1 |
1 |
|a Morin, Paul J.
|
| 999 |
|
|
|a 1100106113
|b Book
|c Open Shelf
|e KOLEKSI TERBUKA
|